Actors who worked with David O. Russell - Statistics

General Stats
  • This quiz has been taken 31 times
  • The average score is 20 of 77
Answer Stats
Films Answer % Correct
American Hustle, Amsterdam, The Fighter Christian Bale
100%
Silver Linings Playbook, American Hustle Jennifer Lawrence
100%
Silver Linings Playbook, American Hustle Bradley Cooper
92%
American Hustle, The Fighter Amy Adams
83%
The Fighter, Three Kings, I love Huckabees Mark Wahlberg
83%
Silver Linings Playbook, American Hustle, Amsterdam Robert De Niro
83%
Three Kings George Clooney
75%
American Hustle Jeremy Renner
75%
I love Huckabees Jude Law
75%
Amsterdam John David Washington
67%
American Hustle Louis C. K.
58%
Amsterdam Margot Robbie
58%
Three Kings Ice Cube
42%
The Fighter Melissa Leo
42%
Three Kings Spike Jonze
42%
Amsterdam Anya Taylor-Joy
33%
Silver Linings Playbook Jacki Weaver
33%
Accidental Love Jake Gyllenhaal
33%
I love Huckabees Jonah Hill
33%
I love Huckabees Lily Tomlin
33%
American Hustle Michael Peña
33%
I love Huckabees Naomi Watts
33%
Amsterdam Rami Malek
33%
Amsterdam Taylor Swift
33%
Amsterdam Chris Rock
25%
Silver Linings Playbook Chris Tucker
25%
I love Huckabees Dustin Hoffman
25%
I love Huckabees Jason Schwartzman
25%
Accidental Love Jessica Biel
25%
Three Kings Judy Greer
25%
Amsterdam Michael Shannon
25%
Amsterdam Zoe Saldaña
25%
American Hustle, Amsterdam Alessandro Nivola
17%
Flirting with Disaster Ben Stiller
17%
Amsterdam Ed Begley Jr.
17%
American Hustle Elisabeth Röhm
17%
Accidental Love James Marsden
17%
Spanking the Monkey Jeremy Davies
17%
Silver Linings Playbook Julia Stiles
17%
Amsterdam Mike Myers
17%
Accidental Love Paul Reubens
17%
I love Huckabees, Flirting with Disaster Richard Jenkins
17%
I love Huckabees Talia Shire
17%
Accidental Love Tracy Morgan
17%
Flirting with Disaster Alan Alda
8%
Spanking the Monkey Alberta Watson
8%
Silver Linings Playbook Anupam Kher
8%
Spanking the Monkey Benjamin Hendrickson
8%
Accidental Love Bill Hader
8%
I love Huckabees Bob Gunton
8%
Spanking the Monkey Carla Gallo
8%
Accidental Love Catherine Keener
8%
Three Kings Cliff Curtis
8%
Flirting with Disaster George Segal
8%
I love Huckabees Isabelle Huppert
8%
American Hustle Jack Huston
8%
The Fighter Jack McGee
8%
Accidental Love James Brolin
8%
Three Kings Jamie Kennedy
8%
Silver Linings Playbook John Ortiz
8%
Flirting with Disaster Josh Brolin
8%
Accidental Love Kirstie Alley
8%
Flirting with Disaster Mary Tyler Moore
8%
Amsterdam Matthias Schoenaerts
8%
The Fighter Mickey O'Keefe
8%
Three Kings Mykelti Williamson
8%
Three Kings Nora Dunn
8%
Flirting with Disaster Patricia Arquette
8%
Silver Linings Playbook, American Hustle Paul Herman
8%
American Hustle, Three Kings, I love Huckabees Said Taghmaoui
8%
Silver Linings Playbook, American Hustle Shea Whigham
8%
Flirting with Disaster Téa Leoni
8%
Amsterdam Timothy Olyphant
8%
Amsterdam Andrea Riseborough
0%
Three Kings Holt McCallany
0%
I love Huckabees Isla Fisher
0%
I love Huckabees Shania Twain
0%
No matching quizzes found
Score Distribution
Percent of People with Each Score
Percentile by Number Answered
Your Score History
You have not taken this quiz